Library of the University of Algiers 3
Ibrahim Sultan Cheibout
شعار جامعة الجزائر 3
مكتبة جامعة الجزائر 3
إبراهيم سلطان شيبوط

اساسيات وفسيولوجيا الحضر مع استعراض لمشاكل لانتاج الفسيولوجيا ووسائل الحد من أضرارها / (رقم التسجيلة. 42886)

تفاصيل مارك
000 -LEADER
fixed length control field 01433nam a2200217Ia 4500
003 - CONTROL NUMBER IDENTIFIER
control field Ost
005 - DATE AND TIME OF LATEST TRANSACTION
control field 20260507075110.0
008 - FIXED-LENGTH DATA ELEMENTS--GENERAL INFORMATION
fixed length control field 260507s9999||||xx |||||||||||||| ||und||
020 ## - INTERNATIONAL STANDARD BOOK NUMBER
International Standard Book Number 36281977
040 ## - CATALOGING SOURCE
Transcribing agency fsecg
041 ## - LANGUAGE CODE
Language code of text/sound track or separate title ara
082 ## - DEWEY DECIMAL CLASSIFICATION NUMBER
Classification number 330
100 ## - MAIN ENTRY--PERSONAL NAME
Personal name حسن، عبدالمنعم أحمد
Relator term مؤلف
245 #0 - TITLE STATEMENT
Title اساسيات وفسيولوجيا الحضر مع استعراض لمشاكل لانتاج الفسيولوجيا ووسائل الحد من أضرارها /
Statement of responsibility, etc. عبدالمنعم أحمد حسن
260 ## - PUBLICATION, DISTRIBUTION, ETC.
Place of publication, distribution, etc. القاهرة:
Name of publisher, distributor, etc. المكتبة الاكدمية,
Date of publication, distribution, etc. 1997
300 ## - PHYSICAL DESCRIPTION
Extent 596 صفحة؛
Other physical details إيضاحات ؛
Dimensions 24 سم
490 ## - SERIES STATEMENT
Series statement سلسلة أساسيات الحضر
520 ## - SUMMARY, ETC.
Summary, etc. يتناول هذا الكتاب المشاكل الزراعية التي قد تنشأ عن الانجراف في العوامل البيئية جوية كانت أو ارضية والعيوب الفيسيولوجية وتطورات النمو النباتي طبيعيا كان أم غير طبيعي ، مع مناقشة كافة العوامل المؤثرة في النباتات في جميع حالاته مع شرح للجوانب التطبيقية وما يمكن اتخاذه من اجراءات للوصول إلى النمو المرغوب فيه وتجنب المشاكل الفسيوجية غير المرغوب فيها .
653 ## - INDEX TERM--UNCONTROLLED
Uncontrolled term الجغرافيا البشرية
942 ## - ADDED ENTRY ELEMENTS (KOHA)
Koha item type كتب
المقتنيات
Withdrawn status Lost status Source of classification or shelving scheme Damaged status Not for loan Home library Current library Date acquired Serial enumeration / chronology Inventory number Total checkouts Full call number Barcode Date last seen Price effective from Koha item type
    Dewey Decimal Classification   NOT LOAN / إعارة داخلية مكتبة كلية العلوم الإقتصادية والعلوم التجارية وعلوم التسيير مكتبة كلية العلوم الإقتصادية والعلوم التجارية وعلوم التسيير 07/05/2026 الطابق الأرضي 1488/1   أ/1488ن1 1488/1 07/05/2026 07/05/2026 كتب

موارد الويب المفتوحة


© University of Algiers 3 All Rights Reserved
|
Implemented by LECHELAH Riad